| 000 | 01263nam a2200289 a 4500 | ||
|---|---|---|---|
| 001 | 000046465 | ||
| 003 | DO-SdBNP | ||
| 005 | 20220516120625.0 | ||
| 007 | ta | ||
| 008 | 150817s2015 dr 000 0 spa d | ||
| 040 |
_aDO-SdBNP _bspa _cBNPHU |
||
| 082 | 4 |
_a021.7 _bF356d, 2015 _222 |
|
| 111 | 2 |
_aFeria Internacional del Libro _n(18ª : _d2015 : 23 abril al 4 mayo _cSanto Domingo, República Dominicana) _974466 |
|
| 245 | 1 | 0 |
_aXVIII Feria Internacional del Libro Santo Domingo 2015 : _bPrograma :. |
| 246 | 1 | 3 | _aDecimoctava Feria Internacional del Libro Santo Domingo, 2015 |
| 260 |
_aSanto Domingo, República Dominicana : _bFerelibro, _c2015. |
||
| 300 |
_a176 p. : _bil. ; _c22 cm. |
||
| 500 | _aDedicada a Manual Rueda, país invitado de honor Perú | ||
| 500 | _aA la cabeza de la portada ¡Leer te reinventa! | ||
| 500 | _aConmemorando el 50 aniversario de la Revolución de Abril de 1965 | ||
| 590 | _aInventariado,2019/VM | ||
| 611 | 2 | 4 |
_aFeria internacional del libro _x(18ª : _cSanto Domingo, República Dominicana) _xProgramas _974467 |
| 650 | 4 |
_aIndustria del libro _zRepública Dominicana _xProgramas _955292 |
|
| 650 | 4 |
_aFeria del libro _zRepública Dominicana _y2015 _974468 |
|
| 910 | _aValidado. Control de caliad. MFF | ||
| 942 |
_2ddc _cLBS1 |
||
| 999 |
_c45954 _d45954 |
||